Co-operative banking : (Record no. 134223)

MARC details
000 -LEADER
fixed length control field 00983cam a2200277 a 4500
008 - FIXED-LENGTH DATA ELEMENTS--GENERAL INFORMATION
fixed length control field
020 ## - INTERNATIONAL STANDARD BOOK NUMBER
International Standard Book Number 1403996695 (hbk.)
049 ## - LOCAL HOLDINGS (OCLC)
Holding library MAIN
090 ## - LOCALLY ASSIGNED LC-TYPE CALL NUMBER (OCLC); LOCAL CALL NUMBER (RLIN)
Classification number (OCLC) (R) ; Classification number, CALL (RLIN) (NR) HG2035
Local cutter number (OCLC) ; Book number/undivided call number, CALL (RLIN) COO
003 - CONTROL NUMBER IDENTIFIER
control field
005 - DATE AND TIME OF LATEST TRANSACTION
control field 20230123125020.0
040 ## - CATALOGING SOURCE
Transcribing agency NUST
245 00 - TITLE STATEMENT
Title Co-operative banking :
Remainder of title innovations and developments /
Statement of responsibility, etc. edited by Vittorio Boscia, Alessandro Carretta, Paola Schwizer.
246 3# - VARYING FORM OF TITLE
Title proper/short title Cooperative banking :
Remainder of title innovations and developments
260 ## - PUBLICATION, DISTRIBUTION, ETC.
Place of publication, distribution, etc. Basingstoke [England] ;
-- New York :
Name of publisher, distributor, etc. Palgrave Macmillan,
Date of publication, distribution, etc. 2009.
300 ## - PHYSICAL DESCRIPTION
Extent xiii, 239 p. ;
Dimensions 23 cm.
440 #0 - SERIES STATEMENT/ADDED ENTRY--TITLE
Title Palgrave Macmillan studies in banking and financial institutions
504 ## - BIBLIOGRAPHY, ETC. NOTE
Bibliography, etc. note Includes bibliographical references.
500 ## - GENERAL NOTE
General note Includes index.
650 #0 - SUBJECT ADDED ENTRY--TOPICAL TERM
Topical term or geographic name entry element Banks and banking, Cooperative.
700 1# - ADDED ENTRY--PERSONAL NAME
Personal name Boscia, Vittorio.
700 1# - ADDED ENTRY--PERSONAL NAME
Personal name Carretta, Alessandro.
700 1# - ADDED ENTRY--PERSONAL NAME
Personal name Schwizer, Paola.
907 ## - LOCAL DATA ELEMENT G, LDG (RLIN)
a .b10276427
b 11-06-10
c 06-05-10
942 ## - ADDED ENTRY ELEMENTS (KOHA)
Koha item type Ordinary Loan Books
Call number prefix HG2035
Call number suffix COO
Holdings
Date last seen Total Checkouts Full call number Barcode Cost, replacement price Price effective from Koha item type Lost status Source of classification or shelving scheme Damaged status Not for loan Collection Withdrawn status Home library Current library Shelving location Date acquired Cost, normal purchase price
01/23/2023 1 HG2035 COO 92004013225 80.00 01/23/2023 BOOKS   LCC     NFIC   MAIN MAIN GEN 01/23/2023 80.00